El político D. Fernando el Católico (Record no. 74825)
[ view plain ]
| 000 -LEADER | |
|---|---|
| campo de control de longitud fija | 00862nam a2200193 i 4500 |
| 001 - NÚMERO DE CONTROL | |
| campo de control | 74825 |
| 003 - IDENTIFICADOR DE NÚMERO DE CONTROL | |
| campo de control | ES-MaACL |
| 005 - FECHA Y HORA DE LA ÚLTIMA TRANSACCIÓN | |
| campo de control | 20250911063541.0 |
| 007 - CAMPO FIJO DE DESCRIPCIÓN FÍSICA--INFORMACIÓN GENERAL | |
| campo de control de longitud fija | t| |
| 008 - DATOS DE LONGITUD FIJA--INFORMACIÓN GENERAL | |
| campo de control de longitud fija | 040921s1934 sp |||| | spa d |
| 100 1# - ENTRADA PRINCIPAL--NOMBRE DE PERSONA | |
| Nombre de persona | Gracián, Baltasar, |
| Fechas asociadas al nombre | 1601-1658 |
| 9 (RLIN) | 59478 |
| 245 13 - MENCIÓN DEL TÍTULO | |
| Título | El político D. Fernando el Católico |
| Resto del título | : seguido de las meditaciones varias para antes y después de la Sagrada Comunión y de las Salves del año / |
| Mención de responsabilidad, etc. | por Baltasar Gracián ; [prólogo de E. Ovejero y Maury]. |
| 260 ## - PUBLICACIÓN, DISTRIBUCIÓN, ETC. | |
| Lugar de publicación, distribución, etc. | Madrid : |
| Nombre del editor, distribuidor, etc. | [s.n., |
| Fecha de publicación, distribución, etc. | 1934] ( |
| Fabricante | Gráficas Reunidas) |
| 300 ## - DESCRIPCIÓN FÍSICA | |
| Extensión | XXIV, 221 p. ; |
| Dimensiones | 22 cm. |
| 505 8# - NOTA DE CONTENIDO CON FORMATO | |
| Nota de contenido con formato | Contiene: Prólogo a la 1ª edición de "Agudeza y arte de ingenio : resumen de su vida y juicio de u obra", de Eduardo Ovejero y Maury |
| 700 1# - ENTRADA AGREGADA--NOMBRE PERSONAL | |
| Nombre de persona | Ovejero y Maury, Eduardo, |
| Fechas asociadas al nombre | 1871-1939? |
| 9 (RLIN) | 88002 |
| 852 ## - LOCALIZACIÓN | |
| Ubicación | ES-MaACL |
| Número de control de estantería | A-3392 |
| Estatus retirado | Estado de pérdida | Estado de daño | No para préstamo | Biblioteca de origen | Biblioteca actual | Ubicación en estantería | Fecha de adquisición | Fuente de adquisición | Total de préstamos | Signatura topográfica completa | Código de barras | Visto por última vez | Precio de reemplazo | Tipo de ítem Koha |
|---|---|---|---|---|---|---|---|---|---|---|---|---|---|---|
| Biblioteca del Ateneo de Madrid | Biblioteca del Ateneo de Madrid | Sala Pecera Planta 1 | 17/01/2008 | A-3392 | 1078324 | 23/02/2023 | 23/02/2023 | Libro impreso |
